Egonomics: análisis de la interacción entre racionalidad, emoción, preferencias y normas sociales de la economía de la acción individual y sus derivaciones
Saved in:
| 主要作者: | |
|---|---|
| 格式: | 圖書 |
| 語言: | 西班牙语 |
| 出版: |
Barcelona
Gedisa
1997
|
| 版: | 1a. ed |
| 叢編: | Sociología
|
| 主題: | |
| 標簽: |
添加標簽
沒有標簽, 成為第一個標記此記錄!
|
MARC
| LEADER | 00000nam a2200000 a 4500 | ||
|---|---|---|---|
| 001 | UCJ0666 | ||
| 003 | CL-VaPUC | ||
| 008 | 060825e19970000SP |||||||||||||||||spa|d | ||
| 020 | |a 8474326214 | ||
| 082 | 0 | 4 | |a 301 |b ELS |2 21 |
| 100 | 0 | |a Elster, Jon |e author |9 500908 | |
| 245 | 1 | 0 | |a Egonomics: análisis de la interacción entre racionalidad, emoción, preferencias y normas sociales de la economía de la acción individual y sus derivaciones |
| 250 | |a 1a. ed | ||
| 300 | |a 214 p | ||
| 942 | |c BK | ||
| 945 | |d 20060825 00:00:00 |a jtorresc | ||
| 260 | |a Barcelona |b Gedisa |c 1997 | ||
| 650 | 0 | |a Antropología cultural y social |9 265143 | |
| 650 | 0 | |a Cambio social |9 256857 | |
| 650 | 0 | |a Sociedad |9 307903 | |
| 650 | 0 | |a Psicología social |9 222894 | |
| 583 | |a last modification |c 20140408 10:34:17 |k Rodrigo Vera | ||
| 490 | 0 | |a Sociología | |
| 999 | |c 317430 |d 317428 | ||
| 952 | |0 0 |1 0 |4 0 |6 301_000000000000000_ELS_1997 |7 0 |8 A |9 393790 |a BIBGIM |b BIBGIM |d 2019-11-22 |i 4266730 |o 301 ELS 1997 |p 4266730 |r 2025-01-15 |w 2019-11-22 |y BK |k SSL | ||